LEADER 01000nam a2200241 i 4500 001 000000050193 003 CaOOAMICUS 005 20120704000000.0 008 120704s1980 it u000 u ita u 013 $a21364 040 $aSeMil$bita 100 1 $aLivi Bacci, Massimo.$0(OLS)http://semarc/name/18094 245 10$aDonna, feconditą e figli :$bdue secoli di storia demografica italiana /$cMassimo Livi Bacci. 260 $aBologna :$bIl Mulino,$ccopyr. 1980. 300 $a397 p. ;$c22 cm. 490 0 $aStudi e ricerche ;$v107. 500 $aContiene : Appendici. 650 4$aDemografia.$0(OLS)http://semarc/subject/7605 830 0$aStudi e ricerche ;$v107.$0(OLS)http://semarc/title/6597 850 $aSeMil 852 $aSeMil$W1$xVenegono$y1$m2E IV 208$j16348$B16348$CSeMilBibl$Z2$F16348 $81 996 $6245$aDonna, feconditą e figli :$bdue secoli di storia demografica italiana$9(OLS)http://semarc/title/76601 996 $6260$aBologna :$bIl Mulino$9(OLS)http://semarc/publisher/29842 LEADER 01111nam a2200277 i 4500 001 000000056158 003 CaOOAMICUS 005 20081223000000.0 008 081223s1989 it u000 u ita u 013 $a27330 020 $a88-382-3599-6 040 $aSeMil$bita 100 1 $aRigobello, Armando,$d<1924-2016>.$0(OLS)http://semarc/name/2865 245 10$aAutenticitą nella differenza /$cArmando Rigobello. 260 $aRoma :$bStudium,$c1989. 300 $a144 p. ;$c21 cm. 490 0 $aLa dialettica ;$v4 650 4$aDifferenza - Filosofia.$0(OLS)http://semarc/subject/3250 650 4$aEsistenza - Filosofia.$0(OLS)http://semarc/subject/11396 830 0$aCultura Studium. La dialettica ;$v4.$0(OLS)http://semarc/title/13887 850 $aSeMil 852 $aSeMil$W1$xVenegono$y1$m2P IV 547$j22312$B22312$CSeMilBibl$Z2$F22314 $81 961 $aOmaggio: Poma mons. Gianfranco 996 $6020$a88-382-3599-6$9(OLS)http://semarc/number/31303 996 $6245$aAutenticitą nella differenza$9(OLS)http://semarc/title/87248 996 $6260$aRoma :$bStudium$9(OLS)http://semarc/publisher/29617